书目信息 |
| 题名: |
西风落叶
|
|
| 作者: | 许渊冲 著 | |
| 分册: | ||
| 出版信息: | 北京 外语教学与研究出版社 2015.06 |
|
| 页数: | 288页 | |
| 开本: | 20cm | |
| 丛书名: | 译家之言 | |
| 单 册: | ||
| 中图分类: | I046-53 | |
| 科图分类: | ||
| 主题词: | 文学创作--写作学 , 文学创作--创作方法 | |
| 电子资源: | ||
| ISBN: | 978-7-5135-6051-1 | |
| 000 | 00897nam0 2200253 450 | |
| 001 | 2559520276 | |
| 005 | 20251202163514.98 | |
| 010 | @a978-7-5135-6051-1@dCNY39.00 | |
| 100 | @a20251202d2015 km y0chiy0120 ea | |
| 101 | 0 | @achi |
| 102 | @aCN@b110000 | |
| 200 | 1 | @a西风落叶@AXi Feng Luo Ye@f许渊冲著@FXu Yuan Chong Zhu |
| 210 | @a北京@c外语教学与研究出版社@d2015.06 | |
| 215 | @a288页@d20cm | |
| 225 | 2 | @a译家之言 |
| 300 | @a本书是许渊冲先生有关翻译理论和实践文章的合集, 集中阐述了中国学派的文学翻译理论, 如“三美 ” “三之 ” “三化 ” 等, 并辅有大量践行此翻译理论的古代文学作品和外国文学作品翻译实例。 | |
| 410 | 0 | @12001 @a译家之言 |
| 503 | @n河南城建学院图书馆 | |
| 606 | 0 | @a文学创作@x写作学 |
| 606 | 0 | @a文学创作@x创作方法 |
| 690 | @aI046-53@v4 | |
| 701 | 0 | @a许渊冲@AXu Yuan Chong@4著 |
| 801 | 0 | @aCN@b大连网信软件有限公司图书馆·11@c20251202 |
| 905 | @aZUCC@dI046-53@eX910 | |
| 西风落叶/许渊冲著.-北京:外语教学与研究出版社,2015.06 |
| 288页;20cm.-(译家之言) |
| 本书是许渊冲先生有关翻译理论和实践文章的合集, 集中阐述了中国学派的文学翻译理论, 如“三美 ” “三之 ” “三化 ” 等, 并辅有大量践行此翻译理论的古代文学作品和外国文学作品翻译实例。 |
| ISBN 978-7-5135-6051-1:CNY39.00 |
| ● |
| 相关链接 |
|
|
|
正题名:西风落叶
索取号:I046-53/X910
 
预约/预借
| 序号 | 登录号 | 条形码 | 馆藏地/架位号 | 状态 | 备注 |
| 1 | 1556411 | 215564119 | 外国语学院资料室/ [索取号:I046-53/X910] | 在馆 |